[Event "RUS-Cup3"]
[Site "Omsk"]
[Date "1996.??.??"]
[Round "3"]
[White "Zemerov, Vladimir"]
[Black "Yarovik, Yuri"]
[Result "1-0"]
[WhiteElo "2400"]
[BlackElo "2375"]
[Annotator "Horn,Pe"]
[PlyCount "78"]
[EventDate "1996.12.13"]
[EventType "swiss"]
[EventRounds "9"]
[EventCountry "RUS"]
[SourceTitle "CBM 057"]
[Source "ChessBase"]
[SourceDate "1997.04.01"]
[SourceVersion "1"]
[SourceVersionDate "1997.04.01"]
[SourceQuality "1"]

1. Nf3 d5 2. g3 c6 3. Bg2 Nf6 4. O-O Bg4 5. c4 Nbd7 6. cxd5 cxd5 7. Nc3 e6 8.
Qa4 $6 {Ohne 0-0/Nf6 wäre das eine bekannte Methode, um die Initiative zu
kämpfen. Hier macht das wenig Sinn, da Weiß nicht zu Ne5 kommt.} a6 9. d4 (9.
Ne5 $6 b5) 9... b5 {Es gibt keinen Grund, der Einladung nicht zu folgen.} 10.
Qb3 Be7 11. Bf4 (11. a4 b4 12. Na2 Qb6 $132) 11... O-O 12. Rac1 Rc8 13. a3 h6
14. Ne5 Nxe5 15. Bxe5 Nd7 (15... Bf5 $5 $11) (15... Qb6 $5) 16. Bf4 Nb6 17. e4
{Weiß will die negativen Seiten von Nb6 aufzeigen.} Bf6 $6 {sehr provokativ
gespielt.} (17... dxe4 18. Bxe4 {[%cal Re4b7]} (18. Nxe4 Qxd4 19. Be3 Qa4)
18... Nc4 $1 $15 (18... Qxd4 19. Bb7 Qc4 20. Qxc4 Nxc4 21. Bxc8 Rxc8 $44) 19.
Bb7 $140 $2 (19. Qa2 Bd6 20. Bxd6 Qxd6 $17) 19... Na5 $19) 18. h3 Bh5 19. exd5
Bxd4 20. dxe6 Nc4 $1 {Die aktiven schwarzen Figuren und das mögliche Spiel in
der f-Linie machen die Sache nicht leicht für Weiß. Das Spiel wird sehr
kompliziert und die entstehenden Stellungen sind schwer einzuschätzen.} 21. g4
$6 (21. exf7+ Bxf7 22. Rfd1 Bxf2+ (22... Qb6 $5 23. Qc2 (23. Nd5 Bxf2+ 24. Kh2
Qa7) 23... g5 24. Nd5 Bxd5 25. Bxd5+ Kg7 26. Re1 Ne3 $5 $13) 23. Kxf2 Qb6+ 24.
Ke2 $8 Bh5+ 25. Kf1 Kh8 $40) (21. Bd5 g5 $132) (21. Rce1 fxe6 $132) (21. Bb7 $1
Na5 (21... Rc5 22. Bxa6 $16) 22. Qb4 Bc5 (22... Rc4 23. e7 Rxb4 24. exd8=Q Rxd8
25. axb4 Nxb7 26. Ra1 $18) 23. Qe4 Nxb7 24. Qxb7 fxe6 25. Qxa6 $16) 21... fxe6
22. Ne2 $1 Rxf4 $2 (22... Bf7 23. Bb7 (23. Rfd1 e5 24. Nxd4 exd4 $132 {[%csl
Gc4,Gf7] Wieder eine spannungsreiche Stellung: Weiß hat zwar das B-Paar, wegen
der gut postierten Figuren kann Schwarz aber auf Gegenspiel rechnen, zumal
Weiß den Pd4 beachten muß.}) 23... Bxb2 (23... Na5 24. Rxc8 Nxb3 25. Rxd8 Rxd8
26. Bxa6 $16) 24. Rxc4 (24. Bxc8 Bxc1 $17) (24. Rcd1 Qa5 25. Bxc8 Rxc8 $44 {
[%csl Ra3,Ga6,Gb5]}) 24... Rxc4 25. Qxb2 Qd3 {[%cal Rc4c2]} 26. Be5 Qxh3 27. f3
Bg6 28. Nd4 Rd8 29. Nxe6 Rd7 $13) 23. Nxf4 Bf7 24. Ne2 $18 Bb6 (24... Nd2 25.
Rxc8 Qxc8 26. Qb4 Nxf1 27. Qxd4 $18 {[%csl Rf1]}) 25. Qd1 $2 (25. Bb7 $18)
25... Qf6 (25... Nxb2 26. Bb7 $1 $18) 26. Qd7 (26. Qc2 Rd8 27. b4 Bg6 28. Qc3
e5 $44) 26... Rd8 27. Qb7 e5 $2 (27... Qxb2 28. Qxa6 e5 (28... Qxe2 29. Qxb5 e5
30. Rxc4 Bxf2+ 31. Rxf2 Qxc4 32. Qxe5 Qc1+ 33. Rf1 Qxa3 34. Rxf7 Kxf7 35. Bd5+
Rxd5 36. Qxd5+ $11)) 28. Ng3 $18 (28. Nc3 $18) 28... e4 29. Nxe4 Qxb2 30. Rcd1
(30. Qxa6 $18) 30... Rxd1 31. Rxd1 Qxa3 32. Nd6 $2 {Die Vermutung liegt nahe,
daß hier Zeitnot im Spiel gewesen sein wird.} (32. Bf1 $18) 32... Bxf2+ $1 33.
Kxf2 (33. Kf1 Nxd6 $17) 33... Qc5+ (33... Qe3+ $1 34. Kf1 Nxd6 35. Qa8+ Kh7 36.
Bf3 Nc4 $17) 34. Ke2 Nxd6 (34... Qe3+ 35. Kf1 Nxd6 {->33...Qe3+}) 35. Qa8+ (35.
Qb8+ Ne8 $17) 35... Kh7 {[%csl Gf7]} 36. Bd5 Qc2+ $2 (36... Nc4 $5 $17) 37. Rd2
Qg6 (37... Bxd5 $2 38. Qxd5) 38. Bxf7 Nxf7 39. Qf3 Qe6+ $16 {Das hier
unvermittelt auftauchende "1-0" kann ich mir nur durch eine Zeitüberschreitung
erklären. Ansonsten spielt Schwarz noch mit. Er muß allerdings wegen des
gefährdeten Kh7 mit einem Q-Tausch zufrieden sein. In dem entstehenden
Endspiel können die Pa6+b5 leicht eine Beute des Rd2 werden.} 1-0

[Event "POL-ch 53rd"]
[Site "Brzeg Dolny"]
[Date "1996.??.??"]
[Round "15"]
[White "Markowski, Tomasz"]
[Black "Matlak, Marek"]
[Result "1-0"]
[WhiteElo "2535"]
[BlackElo "2450"]
[Annotator "Horn,Pe"]
[PlyCount "85"]
[EventDate "1996.03.09"]
[EventType "tourn"]
[EventRounds "15"]
[EventCountry "POL"]
[EventCategory "9"]
[SourceTitle "CBM 053"]
[Source "ChessBase"]
[SourceDate "1996.08.01"]
[SourceVersion "1"]
[SourceVersionDate "1996.08.01"]
[SourceQuality "1"]

1. Nf3 d5 2. g3 Nf6 3. Bg2 Bf5 4. O-O e6 5. c4 c6 6. d3 Nbd7 7. cxd5 exd5 8.
Nc3 Be7 9. Qc2 $5 {[%cal Ye2e4] Bekannt aus mehreren Partien Loginovs. Weiß
setzt e2-e4 durch. Aus dem Gegenüber von Qc2 und Bf5 kann Schwarz anscheinend
kaum ernsthaften Nutzen ziehen. Bei Bedarf kann die Qc2 nach e2 ausweichen.} (
9. Nh4 Be6 10. e4 O-O 11. Nf5 Bxf5 12. exf5 Bd6 13. g4 h6 14. f4 Kh8 15. g5 Ng8
16. f6 gxf6 17. Bh3 $13 {Weindl-Johannsson/Stockholm op/1990}) (9. Be3 O-O 10.
Qb3 Qb8 11. Rac1 Bd6 12. Na4 Re8 13. Rfe1 h6 14. Bd4 Re7 15. a3 Bh7 16. Bh3 Ne5
17. Nxe5 Bxe5 18. Qc3 Qe8 19. Kf1 Rd8 20. b4 Bg6 21. Nc5 Rb8 22. a4 Bxd4 23.
Qxd4 Re5 24. Nb3 a6 25. Qf4 Nh5 26. Qd4 Nf6 27. Qf4 Nh5 {1/2-1/2 King-Ribli/
Calcutta/1992}) (9. Nd4 Bg6 10. e4 O-O 11. Nb3 dxe4 12. dxe4 Nc5 13. Nxc5 Qxd1
14. Rxd1 Bxc5 15. Bg5 Ng4 16. Rd2 f5 $15 {1/2-1/2 Schwarz,M-Kohlweyer,B/BL/1992
}) 9... Bg6 (9... h6 {So kann Schwarz seinen Bf5 behalten.} 10. e4 dxe4 11.
dxe4 Bh7 12. Bf4 O-O 13. Rad1 Qa5 14. Nd4 Rfe8 15. h3 Bb4 (15... Rad8 16. Nb3
Qb6) 16. Nb3 Qb6 17. Rfe1 Ne5 18. a3 Bf8 19. Nd2 Qc5 (19... Bc5 $5) 20. Be3 Qe7
21. f4 Ned7 22. Bf2 $14 {Loginov-Soos/Budapest/1993}) 10. e4 (10. Nh4 d4 $5 $14
) 10... O-O (10... dxe4 11. dxe4 Bb4 (11... Nc5 12. Ne5 $14) 12. Nh4 $14) 11.
Nh4 $14 dxe4 (11... Nc5 $5) 12. dxe4 $146 {Da das Ausweichen des Bg6 nicht zu
fürchten ist, kann man sich mit dem Tausch Zeit lassen. Es scheint mir, daß
Weiß hier wesentlich mehr erreicht hat als in den Beispielen mit 9.Nh4 und 9.
Nd4 .} (12. Nxg6 hxg6 13. dxe4 Qa5 14. Qe2 Rfe8 15. Bd2 Qh5 16. Rae1 Ne5 17. h3
Bc5 18. Be3 Qxe2 19. Rxe2 Bxe3 20. Rxe3 Rad8 21. f4 Nc4 22. Re2 Rd3 23. Rf3
Red8 24. e5 Ne8 25. Rxd3 Rxd3 26. Ne4 $16 Ne3 $2 27. Nf2 {1-0 Loginov-Kadimova/
Berliner Sommer/1994}) 12... Re8 (12... Bh5 13. Nf5 $14) (12... Qc7 $2 13. Nxg6
hxg6 14. Nd5 $16) 13. Nxg6 hxg6 14. Bf4 $14 {[%csl Rd8][%cal Ya1d1] Die weiße
Stellung spielt sich sehr angenehm. Zunächst zentralisiert man seine Figuren
und strebt dann langsam einen Vormarsch mit e4-e5(-e6) an. Schwarz hat
Schwierigkeiten, ein gutes Feld für seine Qd8 zu finden.} Nf8 $1 {Damit
schützt Matlak die kritischen Felder e6 und g6, was bei dem weißen Plan
e4-e5-e6 nicht verkehrt sein kann.} (14... Bc5 15. Rad1 Qe7 16. Na4 $16) 15.
Rad1 Qa5 (15... N6d7 {[%cal Ye7g5] /\ Bg5} 16. Rd2 Bg5 17. Bxg5 Qxg5 18. Rfd1
$14) 16. Bd2 (16. h3 $14) 16... Qa6 (16... Ne6 17. Nd5 Qa6 18. Nxe7+ $14) 17.
e5 N6d7 18. Rfe1 Rad8 19. Bf1 $1 Qb6 (19... Qa5 20. Nb5 Qb6 21. Nd6 (21. Be3
Qa5 $10) 21... Nxe5 (21... Bxd6 22. exd6 Ne5 23. Qc3 $16) 22. Rxe5 (22. Nxe8 $2
Nf3+ 23. Kg2 Rxd2 $1 $17) 22... Bxd6 23. Ba5 Bxe5 24. Bxb6 Rxd1 25. Qxd1 axb6
26. b3 $16) 20. Bc4 {[%csl Gc4] Ein ideales Feld bei der gegebenen
Bauernstruktur.} Nc5 21. Be3 Qb4 22. Be2 {[%cal Ra2a3]} Nce6 23. a3 (23. Bxa7
Qa5 (23... b6 $5) 24. Be3 Qxe5 $14) 23... Qa5 24. Qb3 Bc5 $1 (24... b6) (24...
Qxe5 25. Qxb7 $16 (25. Bxa7)) 25. Bxc5 (25. Qxb7 Bxe3 26. fxe3 Qxe5 27. Qxa7
Ra8 $132) 25... Nxc5 (25... Qxc5 $5 26. Qxb7 Nd4 27. Bg4 Rxe5 28. Rxe5 (28. Qc7
Ree8 $13) 28... Qxe5 29. Qxa7 (29. Rd3 c5 30. Re3 (30. Qxa7 $2 Nb5) 30... Qb8
31. Re7 Qxb7 32. Rxb7 f5 33. Bd1 Rd7 $10) 29... f5 30. Qb6 $1 (30. Bh3 $2 Ne2+
31. Kf1 Rxd1+ 32. Nxd1 Qb5 $17) 30... Nfe6 31. Bh3 Rb8 32. Qa6 Rxb2 33. Bg2 $10
) 26. Qb4 Qb6 (26... Qxb4 27. axb4 Ncd7 (27... Nce6) 28. f4 g5 29. Ne4 gxf4 30.
gxf4 Re7 31. Kf2 $14) 27. f4 Nfe6 (27... g5) 28. Qxb6 axb6 29. Kf2 b5 (29...
Nd4) (29... g5 $5 30. b4 (30. Rxd8 Rxd8 (30... Nxd8 31. Rd1 gxf4 32. gxf4 $16)
31. f5 Nc7 32. b4 Nd3+ 33. Bxd3 Rxd3 34. Re3 $14) (30. f5 Rxd1 31. Rxd1 Nf8 $10
) 30... Nb3 31. Bc4 (31. f5 Ned4 32. Bc4 b5 33. Bxb3 Nxb3 34. Rxd8 Rxd8) 31...
Nbd4 32. Bxe6 Nxe6 33. Rxd8 Rxd8 34. f5 Nd4 (34... Nc7 35. Kf3 $14) 35. Rd1 $14
) 30. h4 {Verhindert g6-g5} Nd4 31. Bd3 (31. Bg4 f5) 31... Kf8 $6 {Matlak hat
ständig die freie Auswahl zwischen verschiedenen schlechten Endspielen. Er muß
ständig mit der Schwäche des Damenflügels (><b7) rechnen. Hier hatte er die
Chance, das Material zu reduzieren.} (31... Nxd3+ 32. Rxd3 Nf5 33. Red1 Rxd3
34. Rxd3 f6 35. exf6 gxf6 36. Rd7 Re7 37. Rxe7 Nxe7 38. Ne4 $14 {[%csl Rb7]}) (
31... Na4 32. Nxa4 bxa4 33. Ke3 $14) 32. Bb1 {[%cal Rb2b4] /\ b4, Ne4-d6} Ke7
33. b4 Nce6 34. Ne4 {[%csl Gd6]} Rh8 $6 (34... Nf5 35. Ba2 {[%csl Gc5][%cal
Ra2e6]} Rh8 36. Bxe6 fxe6 37. Nc5 (37. Rh1) 37... b6 38. Ne4) 35. Nd6 b6 (35...
Ra8 36. Re4 Nf5 37. Nxf5+ gxf5 38. Re3 g6 39. Red3) 36. Be4 f5 $2 (36... c5 37.
Re3 Rd7 38. Red3 $16) 37. Bg2 Rd7 (37... c5 38. Rc1) 38. Re3 Ra7 39. Red3 c5
40. Bd5 Rd8 (40... Ra4 41. Bxe6 Kxe6 42. bxc5 bxc5 43. Rc1 $18) 41. Bxe6 Kxe6
42. Nxb5 Rad7 43. Nc3 1-0

[Event "Nabereznye Chelny"]
[Site "Nabereznye Chelny"]
[Date "1993.??.??"]
[Round "?"]
[White "Panchenko, Alexander N"]
[Black "Lempert, Igor"]
[Result "0-1"]
[WhiteElo "2460"]
[BlackElo "2455"]
[Annotator "Horn,Pe"]
[PlyCount "104"]
[EventDate "1993.??.??"]
[EventType "tourn"]
[EventRounds "13"]
[EventCountry "RUS"]
[EventCategory "7"]
[SourceTitle "CBM 037"]
[Source "ChessBase"]
[SourceDate "1993.12.01"]
[SourceVersion "1"]
[SourceVersionDate "1993.12.01"]
[SourceQuality "1"]

1. Nf3 d5 2. g3 Bg4 3. Bg2 e6 4. c4 c6 5. cxd5 exd5 6. O-O Nf6 7. d3 Be7 8. h3
Bxf3 (8... Be6 9. Nd4 Bc5 10. Nxe6 fxe6 11. e4 dxe4 12. Qb3 Qe7 13. dxe4 Nbd7
14. Qxb7 O-O 15. Qb3 Nh5 16. Be3 Rab8 17. Bxc5 Qxc5 18. Qc3 Qxc3 19. bxc3 Rb2
$44 {Epishin-Bareev/Jaroslaw/1983}) (8... Bh5 9. Nc3 Nbd7 (9... Na6 10. Nh4 (
10. e4 $5) 10... d4 11. Nf5 O-O $13 {Rotstein-Bangiev/1989}) (9... O-O 10. Nd4
(10. e4) 10... Re8 11. Bf4 Bd6 12. Bxd6 Qxd6 13. Qb3 Qc7 14. Rac1 Qb6 15. Qxb6
axb6 16. e4 dxe4 17. dxe4 Nbd7 18. f4 {Bashina-Botsari/Leningrad/1986}) 10. e4
O-O 11. Qc2 (11. Re1 $6 dxe4 12. dxe4 Nc5 13. Qe2 Re8 $132 {Beltshik-Bagirov/
Riga/1981}) 11... Nc5 12. Nh4 dxe4 13. dxe4 Qd3 14. Qxd3 Nxd3 15. Bg5 h6 16.
Be3 $16 {Davies-Kuijf/Graested/1990}) (8... Bc8 9. Nc3 O-O 10. e4 Na6 $14 {
Kirov-Vera/Leningrad/1989}) 9. Bxf3 Nbd7 (9... d4 10. Bg2 Bc5 11. Nd2 O-O 12.
a3 a5 13. b3 Na6 14. Bb2 Nc7 15. Nf3 Nb5 16. Qc2 Qd6 17. a4 Nc7 18. Rfc1 Ne6
19. Ng5 Bb4 $15 {Malisov-Kaunas/Daugavpils/1979}) (9... O-O 10. e4 Nbd7 11. Nc3
Ne5 12. Be2 dxe4 13. dxe4 Bb4 14. Qc2 Re8 15. a3 Ba5 16. Kg2 Ng6 17. b4 Bb6 18.
Bb2 Qe7 19. Rfe1 $14 {Khasin-Shabanov/Kursk/1987}) 10. Bg2 $6 (10. e4 $5 dxe4
11. dxe4 Ne5 12. Be2 $1) (10. Nc3 O-O (10... d4 11. Ne4 O-O (11... Nxe4 12.
Bxe4) 12. Nxf6+ Bxf6 (12... Nxf6 13. b4 Nd5 14. Qb3 $14) 13. b4 a5 14. Qb3 axb4
15. Qxb4 Ra7 16. a4 $14 {Shirov-Vyzmanavin/Lvov/1989}) 11. e4 $14 {Shirov})
10... O-O 11. e4 (11. Nc3 $6 d4 12. Ne4 Nxe4 13. dxe4 $6 Nc5 14. f4 Qb6 $15 {
Vaganian-Van der Wiel/Wijk/1989}) 11... dxe4 12. dxe4 Ne5 13. Qb3 Qd3 14. Nc3 (
14. Qxb7 $6 Bc5 {><g3}) 14... Bc5 15. Bf4 $1 (15. Kh2 Nf3+) 15... Ng6 16. Rad1
(16. Rfd1 $5 Qa6 17. Bf1 Qa5 (17... Qb6 18. Qxb6 axb6 19. Bd6 $10) 18. Bd6 Bxd6
19. Rxd6 Qe5 $10) 16... Qa6 17. Bg5 Rad8 18. Rxd8 $6 (18. Bxf6 gxf6 19. Kh2
Rxd1 20. Qxd1) 18... Rxd8 19. Rd1 (19. e5 $6 Nxe5 20. Bxf6 gxf6 21. Ne4 Be7 $15
) 19... Rxd1+ 20. Qxd1 Qa5 {/\ Bxf2} (20... Qb6 $5) 21. Bc1 $2 (21. Bxf6 gxf6
22. e5 $6) (21. Qd2) 21... Qb6 $1 22. Qe2 (22. Na4 Bxf2+ 23. Kf1 Qd4 $19) 22...
Bd4 23. Nd1 $2 (23. Bf1) 23... h5 $1 24. Kh1 (24. h4 Ng4 25. Bh3 Qc5) 24... h4
25. gxh4 (25. g4 Qc5 $17) 25... Qc5 (25... Nxh4 26. Be3) 26. Be3 Nxh4 27. Bxd4
Qxd4 28. Nc3 Ng6 29. Kg1 Nf4 30. Qe1 (30. Qd1 $2 Qxd1+ 31. Nxd1 Nxg2 32. Kxg2
Nxe4 $19) 30... Nd7 31. Ne2 Nxe2+ 32. Qxe2 Ne5 33. Bf1 c5 34. Kg2 $2 (34. b3
$17) 34... c4 35. f4 $6 (35. Qc2 Nd3 36. Bxd3 cxd3 37. Qc8+ Kh7 38. Qf5+ Kh6
39. Qf4+ g5) 35... Nd3 36. Kf3 Nxb2 37. Qe3 Qd1+ 38. Be2 Qh1+ 39. Kg3 Qe1+ 40.
Kf3 c3 41. Qc5 Qh1+ 42. Kg3 Qe1+ 43. Kf3 g6 44. f5 Qh1+ 45. Kf4 Qh2+ 46. Kg5
Qg2+ 47. Bg4 Qd2+ 48. Kh4 Nd3 49. Qe7 Qh6+ 50. Kg3 Qf4+ 51. Kh4 c2 52. fxg6
c1=Q 0-1

[Event "Reykjavik op"]
[Site "Reykjavik"]
[Date "1996.??.??"]
[Round "2"]
[White "Agdestein, Simen"]
[Black "Thorhallsson, Throstur"]
[Result "1-0"]
[WhiteElo "2585"]
[BlackElo "2445"]
[Annotator "Horn,Pe"]
[PlyCount "92"]
[EventDate "1996.03.??"]
[EventType "swiss"]
[EventRounds "9"]
[EventCountry "ISL"]
[SourceTitle "CBM 052"]
[Source "ChessBase"]
[SourceDate "1996.06.01"]
[SourceVersion "1"]
[SourceVersionDate "1996.06.01"]
[SourceQuality "1"]

1. c4 c6 2. b3 d5 3. Bb2 Bf5 4. d3 e6 5. Nd2 Nf6 6. Qc2 Nbd7 7. Ngf3 Bc5 $5 (
7... Be7) 8. e3 (8. g3 $6 {[%csl Rf2]} Qb6 9. e3 O-O 10. Bg2 $140 $2 (10. Be2)
10... Bxe3 11. fxe3 Qxe3+ 12. Kd1 Bxd3 $19) 8... h6 9. Be2 Qe7 10. a3 a5 11. e4
Bh7 (11... dxe4 12. dxe4 Bh7) 12. e5 Ng4 13. O-O f6 14. exf6 Ngxf6 15. Qc3 (15.
b4 $5 Bb6 16. Qb3 $14) 15... Bd6 (15... e5 $5 16. d4 (16. Nxe5 $4 d4 $19) (16.
cxd5 cxd5 (16... Nxd5 17. Qc2 O-O 18. Rfe1) 17. b4 Bb6 18. Nb3) 16... exd4 17.
Nxd4 O-O $13) 16. d4 Ne4 17. Nxe4 Bxe4 18. Bd3 (18. Nd2 $5 Nf6 (18... Bg6) 19.
Nxe4 Nxe4 20. Bh5+ Kd7 21. Qh3 Rhf8) 18... Nf6 19. Ne5 O-O 20. a4 Rad8 (20...
c5 $5 21. Rad1 (21. Ng6 $6 Bxg6 22. Bxg6 Ng4 $1) 21... cxd4 22. Qxd4 Bc5 23.
Qc3 $14) 21. Rad1 (21. Bxe4 $2 Nxe4 22. Qxa5 Bxe5 23. dxe5 dxc4 24. bxc4 Qh4
25. g3 Qh3 $44) 21... Bc7 $2 (21... dxc4 22. bxc4 Bxe5 23. dxe5 Bxd3 24. Rxd3
Ne4 25. Qc2 Rxd3 26. Qxd3 Nc5 27. Qc2 Qh4 $132) 22. Qc1 (22. f4 $5) 22... Bxd3
(22... dxc4 23. Ba3 Bd6 24. Bxd6 Qxd6 25. Bxe4 Nxe4 26. Qe3 Nf6 27. bxc4 $16)
23. Nxd3 Ne4 24. Ba3 $1 {Der Tausch der schwarzfeldrigen Läufer nützt Weiß:
die Kontrolle des Schlüsselfelds e5 wird verbessert.} Bd6 25. Bxd6 Qxd6 26. c5
$1 {nimmt dem Schwarzen die Chancen, sich gelegentlich mit c6-c5 zu befreien.
Außerdem wird die Schwäche a5 festgelegt.} Qe7 (26... Qc7 $5) 27. Rde1 Qf6 (
27... Rf6) 28. Qe3 Rfe8 29. f3 Ng5 30. Ne5 Re7 31. Qc3 {[%csl Ra5]} Ra8 32. Re3
Nf7 33. f4 Nxe5 34. fxe5 Qh4 35. Ref3 Qe4 36. Rf4 Qe2 37. h3 Qh5 38. Qg3 Rae8
39. R1f3 (39. Rh4 Qg5 40. Qxg5 hxg5 41. Rg4 Rf8 42. Rxf8+ Kxf8 43. Rxg5 Rf7 44.
Rg3 $18) 39... Kh7 40. Qe1 Qg6 (40... Ra8 41. Rf8 Rxf8 42. Rxf8 $18) 41. Qxa5
Rb8 42. Kh2 b6 $2 {Verkürzt das Leiden.} 43. cxb6 Reb7 44. Rf8 Rxb6 45. Rg3 (
45. Rxb8 Rxb8 46. Qc7 $18) 45... Qe4 $6 (45... Qh5 46. Rxb8 Rxb8 47. Qc7 Rg8
48. Qxc6 $18) 46. Rf7 Qxd4 1-0

[Event "FIDE-Wch k.o."]
[Site "New Delhi/Teheran"]
[Date "2000.11.29"]
[Round "1.6"]
[White "Nogueiras Santiago, Jesus"]
[Black "Ehlvest, Jaan"]
[Result "0-1"]
[WhiteElo "2552"]
[BlackElo "2627"]
[Annotator "Horn,Pe"]
[PlyCount "38"]
[EventDate "2000.11.27"]
[EventType "k.o."]
[EventRounds "7"]
[EventCountry "IND"]
[SourceTitle "CBM 081"]
[Source "ChessBase"]
[SourceDate "2001.03.20"]
[SourceVersion "1"]
[SourceVersionDate "2001.03.20"]
[SourceQuality "1"]

1. c4 c6 2. Nf3 d5 3. e3 Nf6 4. Nc3 a6 5. b3 Bg4 6. Bb2 Nbd7 7. h3 Bxf3 8. Qxf3
e6 9. g4 h6 ({An dieser Stelle bringt} 9... dxc4 $6 10. bxc4 Ne5 {nichts ein:}
11. Qe2 {und d3 ist geschützt.}) 10. Be2 $2 {Äußerst riskant gespielt.} ({
Es verdient Beachtung, daß Vaganian sich hier für} 10. cxd5 cxd5 11. Bg2 {
entschied.} Ne5 12. Qe2 Ng6 13. O-O h5 $6 14. g5 Nd7 15. f4 Nh4 16. Qf2 Nxg2
17. Qxg2 Nc5 18. Ne2 Qd7 19. Bd4 Ne4 20. Ng3 $16 {Vaganian,R-Backwinkel,P/
Germany 1993/GER-chT}) 10... dxc4 $1 $146 (10... b5 11. cxd5 cxd5 12. h4 Rc8
13. g5 hxg5 14. hxg5 Ne5 15. Qg2 Rxh1+ 16. Qxh1 Nfd7 17. f4 Nc6 18. Kf2 Ne7 19.
Rc1 Qb6 $132 {[%cal Yd5d4] Bischoff,K-Stangl,M/Brno 1994}) 11. bxc4 ({Es gab
hier noch eine mühsame Ausrede, mit der das Eindringen des N nach d3
unterbunden werden konnte:} 11. Bxc4 Ne5 12. Qe2 {, denn auf} b5 {folgt} 13. d4
Nxc4 14. bxc4 {mit vielleicht gerade noch erträglicher Stellung.}) 11... Ne5 {
[%cal Ye5d3] Die Pointe} 12. Qg3 Nd3+ 13. Bxd3 Qxd3 14. Qc7 $8 Rd8 15. Rd1 $2 {
Dieser Zug mißfällt mir: er ist zu passiv; der Ke1 sitzt danach in der Falle.}
(15. Qxb7 {Weiß sollte sich nicht um den Pd2 scheren, denn} Qxd2+ 16. Kf1 {
verbessert die Aussichten des Weißen auf Widerstand, z.B.:} Qd3+ 17. Ne2) 15...
Qxc4 (15... Nd7 16. Ba1 (16. Qxb7 Rb8 17. Qxc6 Rxb2 $19) 16... Nc5 $19) 16.
Qxb7 Bb4 17. Ne2 O-O 18. Nd4 $6 ({Weiß mußte den gefährlichen Nf6 beseitigen:} 
18. Bxf6 gxf6 {Allerdings hätte das auch nur den Widerstand verlängert: nach}
19. Nd4 c5 {ist Weiß dem Ansturm des Gegners in der d-Linie hilflos
ausgeliefert.}) 18... Ne4 $19 19. Nxc6 Bxd2+ 0-1

[Event "FIDE-Wch k.o."]
[Site "New Delhi/Teheran"]
[Date "2000.12.01"]
[Round "2.2"]
[White "Dizdarevic, Emir"]
[Black "Gelfand, Boris"]
[Result "0-1"]
[WhiteElo "2527"]
[BlackElo "2681"]
[Annotator "Horn,Pe"]
[PlyCount "70"]
[EventDate "2000.11.27"]
[EventType "k.o."]
[EventRounds "7"]
[EventCountry "IND"]
[SourceTitle "CBM 081"]
[Source "ChessBase"]
[SourceDate "2001.03.20"]
[SourceVersion "1"]
[SourceVersionDate "2001.03.20"]
[SourceQuality "1"]

1. Nf3 Nf6 2. g3 g6 3. c4 Bg7 4. Bg2 O-O 5. O-O c6 6. Qc2 d5 7. b3 d4 $5 {
Hierfür konnte ich nur ein Beispiel finden bei ansonsten reicher Auswahl.} (
7... e5 $5) 8. d3 (8. Bb2 c5 9. b4 Nc6 10. bxc5 Nd7 11. d3 Nxc5 12. Nbd2 Nb4
13. Qd1 e5 $132 {Gilles,R-Beckemeier,W/Belfort 1992}) 8... c5 9. b4 cxb4 10. a3
Nc6 11. Nbd2 bxa3 12. Bxa3 Qc7 13. Rfb1 {Nun ist eine der Hauptstellungen des
Wolgagambits entstanden mit vertauschten Farben: der Weiße hat die Rolle des
Schwarzen angenommen mit der Zugabe eines Tempos. (Beide haben ein Tempo
vertrödelt (c7-c6-c5 und b2-b3-b4)).} Rd8 {Die Zugfolge ab hier wird
Wolgagambitexperten interessieren.} 14. Nb3 e5 15. Nfd2 Rb8 16. Nc5 b6 17. Qa4
(17. Nce4) 17... bxc5 18. Qxc6 Rxb1+ 19. Rxb1 Qa5 $1 20. Rb8 (20. Bc1 $2 {
wäre etwas passiv.}) 20... Qxa3 21. Rxc8 (21. Nf1 {ist zu passiv:} Qa2 22. Rxc8
Rxc8 23. Qxc8+ Bf8 $17) 21... Rxc8 22. Qxc8+ Bf8 23. Nf3 {Aktives Spiel ist
gefordert!} Qa1+ (23... e4 24. Ne5 e3 25. Qc7 $44) 24. Bf1 Qa4 {Gelfand gibt
den P zurück und hofft auf ein Endpiel mit dem starken a-Bauern.} 25. Nxe5 Qe8
26. Qc7 ({Es scheint mir, daß Dizdarevic sich hier ruhig auf die schwarzen
Absichten hätte einlassen können:} 26. Qxe8 Nxe8 27. Nc6 a6 28. Bg2 $11 {
und der Pa6 ist nicht so schnell in Gang zu setzen:} Bd6 29. Kf1 Bc7 30. Ke1 a5
31. Kd2 a4 32. Kc2) 26... a5 27. Bg2 Kg7 28. f4 Qe6 29. Bh3 (29. Qxa5 Bd6 30.
Qa6 $11) 29... Bd6 30. Qd8 (30. Bxe6 $2 Bxc7 $19 {[%cal Ra5a4]}) 30... Qe7 31.
Qxe7 $2 (31. Qxa5 Bxe5 32. fxe5 Qxe5 33. Qd2 $11 {In der Tat ist der N hier
besser als der B, aber bei dem reduzierten Material hat das nicht viel zu
sagen.}) 31... Bxe7 32. Nf3 (32. Nc6 a4 $1 $19 {[%csl Ga4][%cal Re7d8,Rd8a5]}
33. Nxe7 $4 a3) 32... a4 33. Ne1 a3 34. Nc2 a2 35. g4 Bd8 $19 {[%cal Yd8a5,
Ya5c3]} 0-1